000 00279nam a2200109 4500
008 180215b xxu||||| |||| 00| 0 eng d
245 _aThe silent killer.
260 _aPhilippines
_bThe Philippine Star
_cc2016
300 _apage 6.
650 0 _926553
_aDiabetes.
942 _2ddc
_cPER
999 _c8680
_d8680